Principios de Fisicoquímica

Uloženo v:
Podrobná bibliografie
Hlavní autor: Levine, Ira N (Autor)
Médium: Kniha
Jazyk:španělština
Vydáno: Ciudad de México, México. McGraw Hill, 2014
Vydání:6a. ed
Témata:
On-line přístup:Disponible Online
Tagy: Přidat tag
Žádné tagy, Buďte první, kdo vytvoří štítek k tomuto záznamu!

MARC

LEADER 00000cam a2200000 a 4500
001 UCC0288
003 CL-VaPUC
005 20210812001337.0
008 170728e20140000mx |||||||||||||||||spa|d
999 |c 369157  |d 369155 
020 |a 9786071509888 
040 |c Pontificia Universidad Católica de Valparaíso 
082 0 4 |a 539 LEV 2014  |2 21 
100 |a Levine, Ira N  |e author  |9 594201 
245 1 0 |a Principios de Fisicoquímica 
250 |a 6a. ed 
260 |a Ciudad de México, México.  |b McGraw Hill,  |c 2014 
300 |a 571 páginas  
583 |a last modification  |c 20170728 13:21:00  |k Rodrigo Vera 
650 0 |a Fisicoquímica  |2 CL-VaPUC  |9 259585 
650 0 |a Química física  |9 260596 
650 0 |a Bioquímica   |9 259492 
856 |u http://bibliografiadigital.pucv.cl.pucv.idm.oclc.org/index.php/bibliotecapucv/catalog/book/642  |y Disponible Online  
942 |c BK  |2 ddc 
945 |d 20170728 13:21:00  |a arojas 
952 |0 0  |1 0  |3 erb  |4 0  |6 539_000000000000000_LEV_2014  |7 0  |8 A  |9 484738  |a BIBCUR  |b BIBCUR  |i 5411491  |l 7  |o 539 LEV 2014  |p 5411491  |r 2025-04-22  |s 2023-11-30  |w 2019-11-24  |y BK  |z Catalogado en:20170728  |k QUI 
952 |0 0  |1 0  |3 erb  |4 0  |6 539_000000000000000_LEV_2014  |7 0  |8 A  |9 484739  |a BIBCUR  |b BIBCUR  |i 5411505  |l 4  |m 1  |o 539 LEV 2014  |p 5411505  |q 2025-05-12  |r 2025-05-05  |s 2025-05-05  |w 2019-11-24  |y BK  |z Catalogado en:20170728  |k QUI 
952 |0 0  |1 0  |3 erb  |4 0  |6 539_000000000000000_LEV_2014  |7 0  |8 A  |9 484740  |a BIBCUR  |b BIBCUR  |i 5411513  |l 8  |m 3  |o 539 LEV 2014  |p 5411513  |r 2025-04-22  |s 2024-03-21  |w 2019-11-24  |y BK  |z Catalogado en:20170728  |k QUI 
952 |0 0  |1 0  |3 erb  |4 0  |6 539_000000000000000_LEV_2014  |7 0  |8 A  |9 484741  |a BIBCUR  |b BIBCUR  |i 5411521  |l 5  |o 539 LEV 2014  |p 5411521  |r 2025-04-22  |s 2023-09-26  |w 2019-11-24  |y BK  |z Catalogado en:20170728  |k QUI 
952 |0 0  |1 0  |3 erb  |4 0  |6 539_000000000000000_LEV_2014  |7 0  |8 A  |9 484742  |a BIBCUR  |b BIBCUR  |i 541153K  |l 11  |m 1  |o 539 LEV 2014  |p 541153K  |r 2025-05-07  |s 2025-04-23  |w 2019-11-24  |y BK  |z Catalogado en:20170728  |k QUI 
952 |0 0  |1 0  |3 erb  |4 0  |6 539_000000000000000_LEV_2014  |7 0  |8 A  |9 484743  |a BIBCUR  |b BIBCUR  |i 5464455  |l 11  |m 3  |o 539 LEV 2014  |p 5464455  |r 2025-04-29  |s 2025-04-22  |w 2019-11-24  |y BK  |z Catalogado en:20180413  |k QUI 
952 |0 0  |1 0  |3 erb  |4 0  |6 539_000000000000000_LEV_2014  |7 0  |8 A  |9 484744  |a BIBCUR  |b BIBCUR  |i 5464447  |l 9  |m 8  |o 539 LEV 2014  |p 5464447  |r 2025-05-08  |s 2025-05-08  |w 2019-11-24  |y BK  |z Catalogado en:20180413  |k QUI 
952 |0 0  |1 0  |3 erb  |4 0  |6 539_000000000000000_LEV_2014  |7 0  |8 A  |9 484745  |a BIBCUR  |b BIBCUR  |i 5464439  |l 15  |m 1  |o 539 LEV 2014  |p 5464439  |r 2025-04-22  |s 2025-03-27  |w 2019-11-24  |y BK  |z Catalogado en:20180413  |k QUI 
952 |0 0  |1 0  |3 erb  |4 0  |6 539_000000000000000_LEV_2014  |7 0  |8 A  |9 484746  |a BIBCUR  |b BIBCUR  |i 5464420  |l 10  |m 2  |o 539 LEV 2014  |p 5464420  |r 2025-04-22  |s 2025-03-21  |w 2019-11-24  |y BK  |z Catalogado en:20180413  |k QUI 
952 |0 0  |1 0  |3 erb  |4 0  |6 539_000000000000000_LEV_2014  |7 0  |8 A  |9 484747  |a BIBCUR  |b BIBCUR  |i 5464412  |l 6  |m 1  |o 539 LEV 2014  |p 5464412  |r 2025-04-22  |s 2023-09-28  |w 2019-11-24  |y BK  |z Catalogado en:20180413  |k QUI